Ordinamento delle camere di commercio ed arti in tutto il Regno / (Record no. 183688)

MARC details
000 -LEADER
campo de control de longitud fija 00528nam a2200145 i 4500
001 - NÚMERO DE CONTROL
campo de control 183688
003 - IDENTIFICADOR DE NÚMERO DE CONTROL
campo de control ES-MaACL
005 - FECHA Y HORA DE LA ÚLTIMA TRANSACCIÓN
campo de control 20230906221943.0
008 - DATOS DE LONGITUD FIJA--INFORMACIÓN GENERAL
campo de control de longitud fija 140923s1864 it |||| | ita d
110 1# - ENTRADA PRINCIPAL--NOMBRE DE ENTIDAD CORPORATIVA
Nombre de entidad corporativa o nombre de jurisdicción como elemento de entrada Italia.
Unidad subordinada Ministero di Agricoltura, Industria e Commercio.
9 (RLIN) 155577
245 10 - MENCIÓN DEL TÍTULO
Título Ordinamento delle camere di commercio ed arti in tutto il Regno /
Mención de responsabilidad, etc. Ministero d'agricoltura, industria e commercio.
260 ## - PUBLICACIÓN, DISTRIBUCIÓN, ETC.
Lugar de publicación, distribución, etc. [S.l. :
Nombre del editor, distribuidor, etc. s.n.],
Fecha de publicación, distribución, etc. 1864 (
Lugar de fabricación/manufactura Torino :
Fabricante Dalmazzo)
300 ## - DESCRIPCIÓN FÍSICA
Extensión 158 p. ;
Dimensiones 25 cm.
852 ## - LOCALIZACIÓN
Ubicación ES-MaACL
Número de control de estantería T-1352-F-4
Holdings
Estatus retirado Estado de pérdida Estado de daño No para préstamo Colección Biblioteca de origen Biblioteca actual Ubicación en estantería Fecha de adquisición Fuente de adquisición Total de préstamos Signatura topográfica completa Código de barras Visto por última vez Precio de reemplazo Tipo de ítem Koha
        Colección de folletos Biblioteca del Ateneo de Madrid Biblioteca del Ateneo de Madrid Depósito folletos 23/09/2014     T-1352-F-4 1193112 23/02/2023 23/02/2023 Folleto